| 000 | 01213naa a22003497a 4500 | ||
|---|---|---|---|
| 001 | BR8104301 | ||
| 003 | BR-BrBNA | ||
| 005 | 20240918174750.0 | ||
| 007 | ta | ||
| 008 | 230509b bl.||||| |||| 00| 0 por d | ||
| 040 |
_aBR-BrBNA _bpor _cBiblioteca Nacional de Agricultura |
||
| 041 | _a(Pt) | ||
| 072 |
_aF30 _b0150 _bG514 |
||
| 090 | _aF30 BR8104301 | ||
| 100 | 1 | _aSoares, S.P. | |
| 100 | 1 | _aBarros, L.C.G. | |
| 100 | 1 | _aLemos, J.W.V. | |
| 111 | 1 |
_a11. Reuniao da Cultura do Arroz Irrigado _cPelotas, RS (Brazil) _d15 Sep 1981 |
|
| 245 | 1 | _aCompeticao de cultivares de arroz irrigado na regiao do baixo Sao Francisco [Oryza sativa; Alagoas; Brasil] | |
| 260 | 3 |
_aPelotas, RS (Brasil): _c1981. |
|
| 500 | _aAnais da 11. Reuniao da Cultura do Arroz Irrigado Pelotas, RS (Brasil): 1981. p. 87-89 (BR8104301-AM)F30 | ||
| 650 | _aARROZ | ||
| 650 | _aARROZ IRRIGADO | ||
| 650 | _aVARIEDADE | ||
| 650 | _aCOMPETICAO DE VARIEDADE | ||
| 650 | _aRENDIMENTO | ||
| 650 | _aALAGOAS | ||
| 650 | _aBAIXO SAO FRANCISCO | ||
| 773 | 0 |
_tAnais da 11. Reuniao da Cultura do Arroz Irrigado _wF30 BR8104301 _gPelotas, RS (Brasil), 1981. p. 87-89 |
|
| 909 |
_a202404 _bLucia _c55 _dLucia Elande |
||
| 942 |
_cAM _2AGRIS |
||
| 999 |
_c313423 _d313423 |
||